000 00256nmm a2200085Ia 4500
008 220120s9999||||xx |||||||||||||||||und||
100 _aDigit
245 0 _aFebruary 2011 : Digit TV 3 episodes, TV show poineer one, ex
260 _aNine dot nine interactive ltd.
999 _c139652
_d139652